=LDR 00000nam 2200000 4500 =001 INLIS000000000048491 =005 20161108132245.0 =006 =007 =008 =035 ##$$0010-111600000000070 =082 ##$$a 341.23 =090 ##$$a 341.23 Jam m =100 ##$$a Djamain, Safril =245 ##$$a Mengenal Lebih Jauh PBB dan Negara Negara di Dunia =260 ##$$a Klaten $b Intan Pariwara $c 1989 =300 ##$$a 59 hlm $b Ilus $c 21 cm =990 ##$$a 0001/BPAP-NTB/2016 =990 ##$$a 15241524 =990 ##$$a 1199200340 =990 ##$$a 1199200339 =990 ##$$a 45.434/Pro-92 =990 ##$$a 1199200340 =990 ##$$a 45.434/Pro-92 =990 ##$$a 1199200340 =990 ##$$a 45.435/Pro-92 =990 ##$$a 45.434/Pro-92